The church on the move / (Record no. 288516)
[ view plain ]
| 000 -LEADER | |
|---|---|
| fixed length control field | 00624nam a22002177a 4500 |
| 003 - CONTROL NUMBER IDENTIFIER | |
| control field | OSt |
| 005 - DATE AND TIME OF LATEST TRANSACTION | |
| control field | 20150826152838.0 |
| 008 - FIXED-LENGTH DATA ELEMENTS--GENERAL INFORMATION | |
| fixed length control field | 130319t xxu||||| |||| 00| 0 eng d |
| 020 ## - INTERNATIONAL STANDARD BOOK NUMBER | |
| International Standard Book Number | 9715145701 |
| 050 ## - LIBRARY OF CONGRESS CALL NUMBER | |
| Classification number | BX 945 |
| Item number | .M35 1999 |
| 082 ## - DEWEY DECIMAL CLASSIFICATION NUMBER | |
| Classification number | BX 945 |
| Item number | M35 2005 |
| 100 ## - MAIN ENTRY--PERSONAL NAME | |
| Personal name | Manabat, Josefina M. |
| 245 ## - TITLE STATEMENT | |
| Title | The church on the move / |
| Statement of responsibility, etc | Josefina M. Manabat. |
| 260 ## - PUBLICATION, DISTRIBUTION, ETC. (IMPRINT) | |
| Place of publication, distribution, etc | Quezon City : |
| Name of publisher, distributor, etc | Published by FNB Educational, Inc., |
| Date of publication, distribution, etc | 1999. |
| 300 ## - PHYSICAL DESCRIPTION | |
| Extent | 320 pages : |
| Dimensions | 25 cm |
| Other physical details | illustrations ; |
| 500 ## - GENERAL NOTE | |
| General note | Includes bibliographical references. |
| 562 ## - COPY AND VERSION IDENTIFICATION NOTE | |
| Number of copies | 2 |
| 942 ## - ADDED ENTRY ELEMENTS (KOHA) | |
| Source of classification or shelving scheme | Library of Congress Classification |
| Koha item type | Books |
| Call number prefix | Filipininana |
| Withdrawn status | Lost status | Source of classification or shelving scheme | Damaged status | Home library | Current library | Shelving location | Date acquired | Source of acquisition | Sub Shelving location | Total Checkouts | Full call number | Barcode | Date last seen | Price effective from | Koha item type |
|---|---|---|---|---|---|---|---|---|---|---|---|---|---|---|---|
| Library of Congress Classification | College Library | College Library | Filipiniana Section | 08/26/2015 | Donation | BX 945 .M35 1999 | C19820 | 05/08/2018 | 08/26/2015 | Books |